| 000 | 01190nam a22002897a 4500 | ||
|---|---|---|---|
| 005 | 20240530110559.0 | ||
| 008 | 160903s2012 ua g 000 0dara d | ||
| 017 |
_a2011/5735 _bمصر . دار الكتب المصرية |
||
| 020 | _a9789777045483 | ||
| 040 | _aEG-CaGPL | ||
| 082 | 0 | 4 |
_221 _a152.4\ _bك ا |
| 100 | 1 | _aكاجان ، جيروم . | |
| 245 | 1 | 0 |
_aما الانفعال : _bالتاريخ و القياس و المعانى / _cتأليف: جيروم كاجان ؛ ترجمة محمد سعد محمد ، منال زكريا حسين ؛ مراجعة قدرى حفنى . |
| 250 | _aط1، | ||
| 260 |
_aالقاهرة : _bالمركز القومى للترجمة ، _c2012 . |
||
| 300 |
_a436 ص؛ _c24 سم. |
||
| 490 | 0 |
_aالمشروع القومى للترجمة _v1911 |
|
| 504 | _aببليوجرافية : ص369 -433 | ||
| 650 | 0 | 4 | _aالانفعالات النفسية . |
| 650 | 0 | 4 | _aالالم . |
| 650 | 0 | 4 | _aالدوافع . |
| 650 | 0 | 4 | _aالتفريغ الانفعالى . |
| 700 | 0 |
_aمنال زكريا حسين _eمترجم . |
|
| 700 | 0 |
_aقدرى حفنى _eمراجع . |
|
| 942 |
_2ddc _cBK |
||
| 999 |
_c62631 _d62631 |
||